Gaming Quiz

Random Gaming or Pokémon Quiz

Ultra Beasts (Pokemon) Quiz Stats

 Plays Quiz not verified by Sporcle

Also try: Pokémon (Gen V)
Challenge
Share
Tweet
Embed
Score 0/11 Timer 04:00
0 Plays Today
Codename Name % Correct
UB-05 GluttonGuzzlord
94.4%
UB-02 AbsorptionBuzzwole
93.6%
UB-04 BladeKartana
92.8%
UB-01 SymbiontNihilego
91.2%
UB-04 BlasterCelesteela
88%
UB-02 BeautyPheromosa
86.4%
UB-03 LightingXurkitree
86.4%
UB-07 AdhesivePoipole
83.3%
UB-08 StingerNaganadel
83.3%
UB-06 AssemblyStakataka
83.3%
UB-06 BurstBlacephalon
77.8%

You're not logged in!

Compare scores with friends on all Sporcle quizzes.
Join for Free
OR
Log In

You Might Also Like...

Show Comments

Extras

Top Quizzes Today


Score Distribution

Your Account Isn't Verified!

In order to create a playlist on Sporcle, you need to verify the email address you used during registration. Go to your Sporcle Settings to finish the process.

Report this User

Report this user for behavior that violates our Community Guidelines.

Details: